000 00296nam a22001217a 4500
005 20170724124721.0
008 170724b xxu||||| |||| 00| 0 eng d
041 _aeng
100 _aUpdhya,Dr Krishnadev
_93886
245 _aLok Sahitya ka Bhumika
260 _aAllhabad
_bSahitya Bhwan
942 _cBK
999 _c5504
_d5502